000 00298nam a22001337a 4500
008 170731b xxu||||| |||| 00| 0 eng d
020 _a394514378
041 _aeng
080 _a004
100 _a32
101 _aSHKI
245 _aTHE RISE OF THE COMP[UTER STATE
_cBURNHAM, D
942 _2udc
_cBK
999 _c22316
_d22316